Phương pháp dạy học tác phẩm văn chương (Theo loại thể)
Trình bày những vấn đề chung liên quan đến phương pháp dạy học tác phẩm văn chương. Các phương pháp và biện pháp dạy học tác phẩm văn chương theo thể loại
Spremljeno u:
| Glavni autor: | |
|---|---|
| Format: | Knjiga |
| Jezik: | Undetermined |
| Izdano: |
Hà Nội
Đại học Sư phạm
2008
|
| Teme: | |
| Oznake: |
Dodaj oznaku
Bez oznaka, Budi prvi tko označuje ovaj zapis!
|
| Thư viện lưu trữ: | Trung tâm Học liệu Trường Đại học Cần Thơ |
|---|
| LEADER | 00939nam a2200229Ia 4500 | ||
|---|---|---|---|
| 001 | CTU_140757 | ||
| 008 | 210402s9999 xx 000 0 und d | ||
| 020 | |c 23000 | ||
| 082 | |a 870.1 | ||
| 082 | |b Ch550 | ||
| 100 | |a Nguyễn, Viết Chữ | ||
| 245 | 0 | |a Phương pháp dạy học tác phẩm văn chương | |
| 245 | 0 | |b (Theo loại thể) | |
| 245 | 0 | |c Nguyễn Viết Chữ | |
| 260 | |a Hà Nội | ||
| 260 | |b Đại học Sư phạm | ||
| 260 | |c 2008 | ||
| 520 | |a Trình bày những vấn đề chung liên quan đến phương pháp dạy học tác phẩm văn chương. Các phương pháp và biện pháp dạy học tác phẩm văn chương theo thể loại | ||
| 650 | |a Literature,Văn học | ||
| 650 | |x Study and teaching,Giảng dạy và học tập | ||
| 904 | |i Hạ Nguyên | ||
| 980 | |a Trung tâm Học liệu Trường Đại học Cần Thơ | ||